Pollution prevention through process integration: systematic design tools

Saved in:
書目詳細資料
主要作者: El-Halwagi, Mahmoud M (Author)
格式: 圖書
語言:英语
出版: San Diego Academic Press 1997
主題:
標簽: 添加標簽
沒有標簽, 成為第一個標記此記錄!

MARC

LEADER 00000cam a2200000 a 4500
001 UCF4917
003 CL-VaPUC
008 130110e19970000US |||||||||||||||||eng|d
020 |a 0122368452 
082 0 4 |a 660.028  |b ELH  |2 21 
100 0 |a El-Halwagi, Mahmoud M  |e author  |9 566635 
245 1 0 |a Pollution prevention through process integration: systematic design tools 
300 |a 318 p 
942 |c BK 
945 |d 20130110 00:00:00  |a cmena 
260 |a San Diego  |b Academic Press  |c 1997 
500 |a Incluye CD-ROM 
650 7 |a INDUSTRIAS QUIMICAS  |2 CL-VaPUC  |9 263925 
650 0 |a Protección del medio ambiente  |9 257626 
650 7 |a CONTAMINACION INDUSTRIAL  |2 CL-VaPUC  |9 261690 
650 0 |a Control de procesos químicos  |9 263098 
650 7 |a PREVENCION DE LA CONTAMINACION  |2 CL-VaPUC  |9 338076 
583 |a last modification  |c 20130110 11:00:00  |k Rodrigo Vera 
999 |c 350593  |d 350591 
952 |0 0  |1 0  |4 0  |6 660_028000000000000_ELH_1997  |7 0  |8 A  |9 454127  |a BIBING  |b BIBING  |d 2019-11-22  |i 4943155  |o 660.028 ELH 1997  |p 4943155  |r 2025-01-20  |w 2019-11-22  |y BK  |k EIQ